[Event "Olympiad-41"]
[Site "Tromsoe"]
[Date "2014.08.08"]
[Round "6.4"]
[White "Handjaba, Mclean"]
[Black "Nayan, Ahmad Fadzil"]
[Result "0-1"]
[WhiteElo "2139"]
[BlackElo "2121"]
[PlyCount "66"]
[EventDate "2014.08.02"]
[EventType "team-swiss"]
[EventRounds "11"]
[EventCountry "NOR"]
[SourceTitle "CBM 162"]
[Source "ChessBase"]
[SourceDate "2014.09.17"]
[SourceVersion "1"]
[SourceVersionDate "2014.09.17"]
[SourceQuality "1"]
[WhiteTeam "Namibia"]
[BlackTeam "Malaysia"]
[WhiteTeamCountry "NAM"]
[BlackTeamCountry "MAS"]

1. e4 c5 2. Nf3 Nc6 3. d4 cxd4 4. Nxd4 e5 5. Nb3 Nf6 6. Bg5 h6 7. Bxf6 Qxf6 8. Be2 Bb4+ 9. c3 Be7 10. N1d2 0-0 11. Nc4 d6 12. Ne3 Qg6 13. Bf3 f5 14. exf5 Bxf5 15. Nxf5 Qxf5 16. Qd5+ Kh8 17. 0-0 Rad8 18. Rad1 Qf7 19. Qb5 Bh4 20. Bxc6 bxc6 21. Qxc6 Bxf2+ 22. Kh1 Qh5 23. Qd5 Rf4 24. h3 Qh4 25. Qe6 Rf6 26. Qe7 Rdf8 27. Rxd6 e4 28. Rxf6 Rxf6 29. Qd8+ Kh7 30. Nc1 Bd4 31. Rxf6 Qe1+ 32. Kh2 Bg1+ 33. Kh1 Bf2+ 0-1

[Event "Universiad Men 27th"]
[Site "Kazan"]
[Date "2013.07.09"]
[Round "1"]
[White "Nayan, Ahmad Fadzil"]
[Black "Abasov, Nijat Azad"]
[Result "0-1"]
[WhiteElo "2102"]
[BlackElo "2498"]
[PlyCount "120"]
[EventDate "2013.07.09"]
[EventType "swiss"]
[EventRounds "9"]
[EventCountry "RUS"]
[SourceTitle "EXT 2014"]
[Source "ChessBase"]
[SourceDate "2013.11.20"]
[SourceVersion "1"]
[SourceVersionDate "2013.11.20"]
[SourceQuality "1"]

1. d4 Nf6 2. Nf3 e6 3. c4 d5 4. g3 dxc4 5. Bg2 a6 6. 0-0 Nc6 7. e3 Bd7 8. Ne5 Nxe5 9. dxe5 Nd5 10. Bxd5 exd5 11. Qxd5 Bc6 12. Qd4 Qd5 13. Qxd5 Bxd5 14. f3 0-0-0 15. Nc3 Bc6 16. Kg2 Bc5 17. e4 Rhe8 18. Bf4 h6 19. h4 b5 20. a3 Bd4 21. Rfd1 a5 22. Rac1 Rd7 23. Rb1 Bxe5 24. Bxe5 Rxe5 25. Rxd7 Kxd7 26. Rd1+ Kc8 27. Kf2 Re8 28. Ke3 Kb7 29. Rd4 Kb6 30. f4 f5 31. e5 Kc5 32. Rd2 b4 33. Ne2 h5 34. Rd1 g6 35. Nd4 Be4 36. Rc1 Bd5 37. Nb3+ Kb6 38. Nd2 Kb5 39. Kd4 bxa3 40. bxa3 Rd8 41. Rb1+ Kc6 42. Kc3 Kc5 43. a4 c6 44. Re1 Be6 45. Re3 Rb8 46. Nf3 Rb3+ 47. Kd2 Bd5 48. Ng5 Kd4 49. Rxb3 cxb3 50. e6 c5 51. e7 Bc6 52. Nf3+ Kd5 53. Kc3 Bxa4 54. Ne5 Kd6 55. Nxg6 Be8 56. Ne5 a4 57. Nd3 Kxe7 58. Nxc5 Kd6 59. Nd3 Kd5 60. Nf2 Bb5 0-1

[Event "World University-ch 12th"]
[Site "Guimaraes"]
[Date "2012.08.23"]
[Round "7"]
[White "Nayan, Ahmad Fadzil"]
[Black "Schaerer, Julian"]
[Result "1/2-1/2"]
[WhiteElo "2085"]
[BlackElo "2240"]
[PlyCount "45"]
[EventDate "2012.08.20"]
[EventType "swiss"]
[EventRounds "9"]
[EventCountry "POR"]
[SourceTitle "CBM 150 Extra"]
[Source "ChessBase"]
[SourceDate "2012.10.19"]
[SourceVersion "1"]
[SourceVersionDate "2012.10.19"]
[SourceQuality "1"]

1. Nf3 d5 2. d4 Nf6 3. c4 c6 4. Nc3 dxc4 5. a4 Bf5 6. Ne5 Nbd7 7. Nxc4 Nb6 8. Ne3 Be6 9. g3 g6 10. Bg2 Rc8 11. a5 Nc4 12. Nxc4 Bxc4 13. 0-0 Bg7 14. Re1 0-0 15. e4 e6 16. b3 Ba6 17. Ba3 Re8 18. e5 Nd7 19. Ne4 Bf8 20. Bd6 Bg7 21. Ba3 Bf8 22. Bd6 Bg7 23. Ba3 1/2-1/2

[Event "Melaka-chA"]
[Site "Melaka"]
[Date "2012.04.29"]
[Round "8"]
[White "Nayan, Ahmad Fadzil"]
[Black "Zulkipli, Zaidan"]
[Result "1/2-1/2"]
[WhiteElo "2072"]
[BlackElo "2066"]
[PlyCount "78"]
[EventDate "2012.04.23"]
[EventType "swiss"]
[EventRounds "9"]
[EventCountry "MAS"]
[SourceTitle "CBM 148 Extra"]
[Source "ChessBase"]
[SourceDate "2012.06.22"]
[SourceVersion "1"]
[SourceVersionDate "2012.06.22"]
[SourceQuality "1"]

1. e4 e5 2. Nf3 Nf6 3. Nxe5 d6 4. Nf3 Nxe4 5. Qe2 Qe7 6. d3 Nf6 7. Qxe7+ Bxe7 8. d4 d5 9. Bd3 h6 10. Bf4 c6 11. Nbd2 g5 12. Be5 Nbd7 13. Bc7 Nf8 14. c3 Be6 15. 0-0-0 Kd7 16. Be5 Re8 17. Rhe1 Kc8 18. Bf5 Rg8 19. g3 Kd8 20. Bxe6 Nxe6 21. Bxf6 Bxf6 22. Ne5 Bxe5 23. Rxe5 f6 24. Re3 Ng7 25. Rde1 Rxe3 26. Rxe3 Re8 27. Rxe8+ Kxe8 28. Nf1 Kf7 29. Ne3 h5 30. Kd2 f5 31. Ng2 Kf6 32. Ke3 Ne6 33. f3 b6 34. h3 a5 35. b3 c5 36. a4 cxd4+ 37. cxd4 Nd8 38. Ne1 Nc6 39. Nd3 Ke6 1/2-1/2

[Event "Melaka-chA"]
[Site "Melaka"]
[Date "2012.04.24"]
[Round "3"]
[White "Nayan, Ahmad Fadzil"]
[Black "Mas, Hafizulhelmi"]
[Result "0-1"]
[WhiteElo "2072"]
[BlackElo "2377"]
[PlyCount "74"]
[EventDate "2012.04.23"]
[EventType "swiss"]
[EventRounds "9"]
[EventCountry "MAS"]
[SourceTitle "CBM 148 Extra"]
[Source "ChessBase"]
[SourceDate "2012.06.22"]
[SourceVersion "1"]
[SourceVersionDate "2012.06.22"]
[SourceQuality "1"]

1. d4 d6 2. Nf3 Bg4 3. g3 Qd7 4. h3 Bxf3 5. exf3 d5 6. Bg2 e6 7. Be3 Ne7 8. b3 Nf5 9. 0-0 c5 10. Nc3 cxd4 11. Bxd4 Nxd4 12. Qxd4 Nc6 13. Qd1 Bc5 14. Ne2 Rd8 15. c3 0-0 16. f4 Qe7 17. Qc2 Qf6 18. Rad1 Rc8 19. Qb1 Rc7 20. Kh2 g6 21. b4 Be7 22. Qd3 Rfc8 23. a3 Nb8 24. Qe3 a6 25. Kh1 h5 26. Rd3 Bf8 27. Rg1 Bg7 28. Bf3 Nd7 29. Kh2 Rc4 30. Qa7 Qd8 31. Qe3 Qb6 32. Nd4 Nf8 33. Rgd1 Qc7 34. Ne2 Nd7 35. Kg2 Nb6 36. f5 gxf5 37. Bxh5 Na4 0-1

[Event "Kuala Lumpur op 7th"]
[Site "Kuala Lumpur"]
[Date "2010.09.06"]
[Round "8"]
[White "Tin, Jingyao"]
[Black "Nayan, Ahmad Fadzil"]
[Result "1-0"]
[WhiteElo "1828"]
[BlackElo "2048"]
[PlyCount "99"]
[EventDate "2010.09.01"]
[EventType "swiss"]
[EventRounds "9"]
[EventCountry "MAS"]
[SourceTitle "CBM 138 Extra"]
[Source "ChessBase"]
[SourceDate "2010.10.29"]
[SourceVersion "1"]
[SourceVersionDate "2010.10.29"]
[SourceQuality "1"]

1. d4 Nf6 2. c4 g6 3. Nc3 Bg7 4. e4 d6 5. h3 0-0 6. Nf3 e5 7. d5 a5 8. Be2 Na6 9. Bg5 h6 10. Be3 Bd7 11. 0-0 b6 12. a3 Nc5 13. Nd2 Qe8 14. b4 Na4 15. Nxa4 Bxa4 16. Qc1 Bd7 17. c5 bxc5 18. bxc5 Bb5 19. Bxb5 Qxb5 20. f3 Nh5 21. Rb1 Qa4 22. Rb7 Ng3 23. Re1 c6 24. dxc6 dxc5 25. Qxc5 Rac8 26. c7 Rfe8 27. Nc4 Bf8 28. Qd5 Qc2 29. Kh2 Ne2 30. Nxe5 Rxc7 31. Rxe2 Qc3 32. Rxc7 Qxc7 33. f4 g5 34. Qd7 Re7 35. Qxc7 Rxc7 36. Bb6 Rc3 37. Bxa5 Rxa3 38. Be1 gxf4 39. Nf3 f6 40. Bd2 Bd6 41. Re1 Kf7 42. Rb1 Rd3 43. Rb7+ Kg6 44. Rb6 Kf7 45. Bb4 Rb3 46. Rxd6 Rxb4 47. Rd4 Rb5 48. Rd7+ Kg6 49. Nh4+ Kh5 50. Rd5+ 1-0

[Event "Kuala Lumpur op 7th"]
[Site "Kuala Lumpur"]
[Date "2010.09.04"]
[Round "5"]
[White "Yee, Soon Wei"]
[Black "Nayan, Ahmad Fadzil"]
[Result "1-0"]
[WhiteElo "2303"]
[BlackElo "2048"]
[PlyCount "55"]
[EventDate "2010.09.01"]
[EventType "swiss"]
[EventRounds "9"]
[EventCountry "MAS"]
[SourceTitle "CBM 138 Extra"]
[Source "ChessBase"]
[SourceDate "2010.10.29"]
[SourceVersion "1"]
[SourceVersionDate "2010.10.29"]
[SourceQuality "1"]

1. e4 c5 2. Nf3 d6 3. d4 cxd4 4. Nxd4 Nf6 5. Nc3 a6 6. Bg5 e6 7. f4 Qb6 8. Qd3 Qxb2 9. Rb1 Qa3 10. f5 Nc6 11. fxe6 fxe6 12. Nxc6 bxc6 13. Be2 Be7 14. Bh5+ g6 15. e5 dxe5 16. Rb3 Qd6 17. Qxd6 Bxd6 18. Bxf6 Rf8 19. Bf3 Bd7 20. Ne4 Be7 21. Bxe7 Kxe7 22. 0-0 Rab8 23. Rfb1 Rb5 24. c4 Ra5 25. Rb7 Rd8 26. Rd1 h6 27. h4 c5 28. Rc7 1-0

[Event "Kuala Lumpur op 7th"]
[Site "Kuala Lumpur"]
[Date "2010.09.02"]
[Round "2"]
[White "Nayan, Ahmad Fadzil"]
[Black "Tan, Fischer"]
[Result "1-0"]
[WhiteElo "2048"]
[BlackElo "1530"]
[PlyCount "47"]
[EventDate "2010.09.01"]
[EventType "swiss"]
[EventRounds "9"]
[EventCountry "MAS"]
[SourceTitle "CBM 138 Extra"]
[Source "ChessBase"]
[SourceDate "2010.10.29"]
[SourceVersion "1"]
[SourceVersionDate "2010.10.29"]
[SourceQuality "1"]

1. d4 c6 2. Nf3 Na6 3. g3 e6 4. Bg2 Nc7 5. c4 d5 6. 0-0 Nf6 7. Qc2 Nd7 8. e4 dxc4 9. Qxc4 Be7 10. Bf4 0-0 11. Nbd2 Ne8 12. Rfd1 Qa5 13. a3 Qh5 14. Nf1 g5 15. Be3 Ng7 16. Qc1 h6 17. Ne1 f5 18. f4 fxe4 19. fxg5 hxg5 20. Nd2 Nf5 21. Nxe4 Qe2 22. Bxg5 Nxd4 23. Bxe7 Qg4 24. Rxd4 1-0